000 01195cam a22003131 4500
001 33867
003 BD-RjUL
005 20211209052054.0
008 140511t1968 ilu b 001 0 eng d
035 _a(BD-RjUL)33959
040 _aDLC
_cWa
_dDLC
_dBD-RjUL
_beng
041 _aeng
082 0 0 _a320.08
_bPER 1968
245 0 0 _aPerspectives in the study of politics /
_cEdited by Malcolm B. Parsons. With essays by James M. Buchanan [and others]
260 _aChicago :
_bRand McNally,
_cc1968.
300 _axii, 170 p. ;
_c21 cm.
490 1 _aRand McNally political science series
500 _a"Essays ... initially prepared for the 1964 series of public lectures and guest seminars of the Department of Government at Florida State University."
504 _aIncludes bibliographical reference and index.
650 0 _aPolitical science.
_9102876
700 1 _aParsons, Malcolm B.,
_eed.
_9102877
700 1 _aBuchanan, James M.
_910131
710 1 _aFlorida.
_bState University, Tallahassee.
_bDepartment of Government.
_9102878
830 1 _aRand McNally political science series
_9102880
942 _2ddc
_cBK
999 _c33867
_d33867